Clubs de football les plus titrés dans les Cinq Grands Championnats - Statistiques

Statistiques générales
  • Ce quiz a été pris 8 295 fois
  • Le résultat moyen est 12 sur 20
Statistiques - réponses
Nb Club % Correct
26 FC Barcelone
97%
35 Real Madrid
97%
10 Paris Saint-Germain
94%
20 Manchester United
93%
18 AC Milan
91%
9 Olympique de Marseille
90%
32 Bayern Munich
89%
19 Inter
89%
36 Juventus
89%
19 Liverpool FC
88%
13 Arsenal
78%
10 AS Saint-Étienne
71%
11 Atlético de Madrid
58%
8 AS Monaco
35%
8 FC Nantes
31%
8 Borussia Dortmund
27%
9 Everton
15%
9 Genoa
5%
8 Athletic Bilbao
3%
9 FC Nuremberg
3%
Aucun quiz correspondant
Distribution des résultats
% des personnes avec chaque résultat
Percentile par nombre de réponses
Votre historique - résultats
Vous n’avez pas pris ce quiz